Study on traits and yield of introduced tomato (Lycopersicon esculentum) varieties selling on phnom penh markets សិក្សាពីលក្ខណៈលូតលាស់ និងទិន្នផលនៃពូជប៉េងប៉ោះនាំចូលលក់នៅទីផ្សារភ្នំពេញ (Record no. 704)
[ view plain ]
| 000 -LEADER | |
|---|---|
| fixed length control field | 00686nam a22001577a 4500 |
| 003 - CONTROL NUMBER IDENTIFIER | |
| control field | OSt |
| 005 - DATE AND TIME OF LATEST TRANSACTION | |
| control field | 20150918100807.0 |
| 008 - FIXED-LENGTH DATA ELEMENTS--GENERAL INFORMATION | |
| fixed length control field | 150918b xxu||||| |||| 00| 0 eng d |
| 040 ## - CATALOGING SOURCE | |
| Transcribing agency | RUA |
| 082 ## - DEWEY DECIMAL CLASSIFICATION NUMBER | |
| Classification number | AGR OUK 2005 B031 Or.1 |
| 100 ## - MAIN ENTRY--PERSONAL NAME | |
| 9 (RLIN) | 731 |
| Personal name | OUK, SOTHEA. |
| 245 ## - TITLE STATEMENT | |
| Title | Study on traits and yield of introduced tomato (Lycopersicon esculentum) varieties selling on phnom penh markets សិក្សាពីលក្ខណៈលូតលាស់ និងទិន្នផលនៃពូជប៉េងប៉ោះនាំចូលលក់នៅទីផ្សារភ្នំពេញ |
| 260 ## - PUBLICATION, DISTRIBUTION, ETC. (IMPRINT) | |
| Place of publication, distribution, etc. | Phnom Penh |
| Name of publisher, distributor, etc. | RUA |
| Date of publication, distribution, etc. | 2005 |
| 300 ## - PHYSICAL DESCRIPTION | |
| Extent | xii.59p. |
| Other physical details | ill. |
| Dimensions | 29cm. |
| 942 ## - ADDED ENTRY ELEMENTS (KOHA) | |
| Source of classification or shelving scheme | |
| Koha item type | AGR |
| Price effective from | Date last seen | Permanent Location | Not for loan | Date acquired | Source of classification or shelving scheme | Koha item type | Lost status | Withdrawn status | Total Renewals | Date last checked out | Total Checkouts | Shelving location | Damaged status | Barcode | Current Location | Full call number |
|---|---|---|---|---|---|---|---|---|---|---|---|---|---|---|---|---|
| 2015-09-18 | 2019-10-25 | Library Block B | 2015-09-18 | AGR | 2019-10-14 | 5 | B031 | RUA001583 | Library Block B | AGR OUK 2005 B031 Or.1 | ||||||
| 2015-09-18 | 2020-10-02 | Library Block B | 2015-09-18 | AGR | 2020-09-22 | 2 | B031 | RUA001439 | Library Block B | AGR OUK 2005 B031 Or.2 | ||||||
| 2015-09-18 | 2015-09-18 | Library Block B | 2015-09-18 | AGR | B031 | RUA001079 | Library Block B | AGR OUK 2005 B031 Or.3 | ||||||||
| 2015-09-18 | 2015-09-18 | Library Block B | 2015-09-18 | AGR | B031 | RUA001432 | Library Block B | AGR OUK 2005 B031 Or.4 | ||||||||
| 2015-09-18 | 2017-11-17 | Library Block B | 2015-09-18 | AGR | 1 | 2017-10-16 | 3 | B031 | RUA001078 | Library Block B | AGR OUK 2005 B031 Or.5 |